000 01387namaa22003251i 4500
005 20260422120838.0
008 260422s1994 ua a|||frm||| 000 0 eng d
040 _aEG-GICUC
_beng
_cEG-GICUC
_dEG-GICUC
_erda
041 0 _aeng
_beng
_bara
049 _aDeposit
097 _aPh.D
099 _aCai01.12.20.Ph.D.1994.Sa.I
100 0 _aSamy Shaaban Ata-Allah Soliman,
_epreparation.
245 1 0 _aInvestigation of the physical properties of tyransition metal "123" superconducting compounds /
_cBy Samy Shaaban Ata-Allah Soliman ; Supervised Prof. M.F. Mostafa, Prof. M.K. El Nimr, Prof. M.K. Fayek
246 1 5 _aفحص الخواص الفيزيائية لمركبات العناصر الانتقالية 321 فائقة التوصيل
264 0 _c1994.
300 _a172 Leaves
_billustrations
_c30 cm. +
336 _2rda content
_atext
337 _2rdamedia
_aUnmediated
338 _2rdacarrier
_avolume
502 _aThesis (Ph.D)-Cairo University, 1994.
504 _aBibliography: pages 157-172
653 0 _a tyransition metal "123" superconducting compounds
700 0 _aM.F. Mostafa
_ethesis advisor.
700 0 _aM.K. El Nimr
_ethesis advisor.
700 0 _aM.K. Fayek
_ethesis advisor.
900 _DDepartment of Physics
_FFaculty of Science
_UCairo University
_b1994
_cM.F. Mostafa
_cM.K. El Nimr
_cM.K. Fayek
905 _aNehad
942 _2ddc
_cTH
_e21
_n0
999 _c179670